000 00599nam a2200229 a 4500
999 _c7163
_d7163
001 7163
003 BD-JhCC
005 20180212103828.0
008 180205s2005 ii |||| |||| 000 0 eng d
020 _a8120322835
035 _a(BD-JhCC)
040 _aBD-JhCC
_dBD-JhCC
041 _aeng
082 _a658.4
_bROB 2005
100 _aRobbins, Stephen P.
245 _aOrganizational Behavior /
_cStephen P. Robbins
250 _a10th ed.
260 _aLondon:
_bPrentice-Hall of India Private Limited;
_c2005
300 _a674 p;,
_c24 cm
650 _aOrganizational behavior
942 _2ddc
_cBK